LEADER 00835nam0-22002891i-450- 001 990008111610403321 005 20050512130941.0 035 $a000811161 035 $aFED01000811161 035 $a(Aleph)000811161FED01 035 $a000811161 100 $a20050512d2004----km-y0itay50------ba 101 0 $aita 102 $aIT 105 $a--------001yy 200 1 $aDebito dei Paesi poveri$equali politiche per il dopo cancellazione?$fMinistero degli Affari Esteri 210 $aBari$cGiuseppe Laterza$d2004 215 $a431 p.$d24 cm 610 0 $aDebito estero$aPaesi in via di sviluppo 676 $a336.3435091724 801 0$aIT$bUNINA$gRICA$2UNIMARC 901 $aBK 912 $a990008111610403321 952 $aDEB336.343A$b15948$fDECBC 959 $aDECBC 996 $aDebito dei Paesi poveri$9757778 997 $aUNINA LEADER 01052nam0-2200325---450- 001 990008502270403321 005 20070719133442.0 035 $a000850227 035 $aFED01000850227 035 $a(Aleph)000850227FED01 035 $a000850227 100 $a20070417d1964----km-y0itay50------ba 101 0 $ager 102 $aDE 105 $ay-------001yy 200 1 $aSoziologie und Geschichte$eGesammelte abhandlungen zur Soziologie, Politik und Theorie der Geschichte$fOtto Hintze$gherausgegeben und eingeleiter von Gerhard Oestreich 205 $a2. erweiterte Auflage 210 $aGöttingen$cVandenhoeck & Ruprecht$d©1964 215 $a543 p.$d24 cm 225 1 $aOtto Hintze Gesammelte Abhandlungen$v2 676 $a301$v20$zita 700 1$aHintze,$bOtto$f<1861-1940>$0143908 702 1$aOestreich,$bGerhard$f<1910-1978> 801 0$aIT$bUNINA$gRICA$2UNIMARC 901 $aBK 912 $a990008502270403321 952 $aXI D H 16 (1)$b1664$fDFD 959 $aDFD 996 $aSoziologie und Geschichte$9731962 997 $aUNINA LEADER 01626nam0-2200517---450- 001 990000084590203316 005 20000705 010 $a88-15-07322-1 035 $a0008459 035 $aUSA010008459 035 $a(ALEPH)000008459USA01 035 $a0008459 100 $a20000705d1999----|||y0itay0103----ba 101 0 $aIta 102 $aIT 105 $a||||||||001yy 200 1 $aFedeli alla terra$escelte economiche e attivitŕ pubbliche di una famiglia nobile bolognese nell'Ottocento$fManuela Martini 210 $aBologna$cIl Mulino$d1999 215 $a435 p$d22 cm 225 2 $aCollana di storia dell'economia e del credito$v8 410 $12001$aCollana di storia e dell'economia e del credito 606 0 $aNobiltá$yUBologna$zSec. 19. 676 $a305.52230945411 700 1$aMARTINI,$bManuela$0241713 801 $aIT$bSALBC$gISBD 912 $a990000084590203316 951 $aISE II 369$b24606 G.$cISE II$d00000138 959 $aBK 969 $aGIU 979 $c20000914$lUSA01$h1738 979 $c20000919$lUSA01$h1048 979 $c20000919$lUSA01$h1521 979 $c20001019$lUSA01$h1056 979 $c20001019$lUSA01$h1454 979 $c20001019$lUSA01$h1501 979 $c20001019$lUSA01$h1539 979 $c20001024$lUSA01$h1515 979 $c20001027$lUSA01$h1519 979 $c20001027$lUSA01$h1523 979 $c20001110$lUSA01$h1710 979 $c20001124$lUSA01$h1208 979 $aPATTY$b90$c20011127$lUSA01$h1608 979 $c20020403$lUSA01$h1616 979 $aPATRY$b90$c20040406$lUSA01$h1607 996 $aFedeli alla terra$9649715 997 $aUNISA